Poesías

Gespeichert in:
Bibliographische Detailangaben
1. Verfasser: Quintana, Manuel José
Format: Buch
Sprache:Undetermined
Veröffentlicht: Madrid, España Espasa-Calpe 1969
Schlagworte:
Tags: Tag hinzufügen
Keine Tags, Fügen Sie den ersten Tag hinzu!

MARC

LEADER 00000nam a2200000Ia 4500
008 170316s9999 xx 000 0 und d
040 |a cru BVZT 
090 |a 862 Q-3p 
100 |a Quintana, Manuel José 
245 |a Poesías 
260 |a Madrid, España  |b Espasa-Calpe  |c 1969 
300 |a 204 páginas 
650 |a LITERATURA ESPAÑOLA 
999 |c 10328  |d 10328 
942 |c 15 D  |h 862 Q-3p  |2 z